000 01721nam0a2200349 4500
001 RU\NLR\bibl\990210
005 20250614221320.0
010 _a5-8015-0193-2
_9500
035 _a(NLR Aleph) 000978023
090 _a441170
_c441170
100 _a20061002d2005 |||y0rusy50 ca
101 0 _arus
102 _aRU
105 _aa |||||||||
200 1 _aОхотники высоких широт: долганы и северные якуты
_fВ.И. Дьяченко
_gМузей антропологии и этнографии им. Петра Великого (Кунсткамера) Российской Акад. наук
_g[Прогр. фундам. исслед. Президиума РАН Этнокультур. взаимодействие в Евразии]
210 _aСанкт-Петербург
_cЕвропейский Дом
_d2005
215 _a271 с., [8] л. ил., цв. ил.
_cил.
_d23
300 _aНа 4-й с. обл. авт.: Дьяченко В.И., к.ист.н.
320 _aБиблиогр.: с. 265-267 и в подстроч. примеч.
606 1 _aДолганы
_xИсторико-этнографические исследования
_92441386
_3RU\NLR\auth\661452359
606 1 _aЯкуты
_xИсторико-этнографические исследования
_92441384
_3RU\NLR\auth\661452358
686 _aТ3(2Р-6Я)
686 _aТ52(251.1=До)
686 _aТ52(251.1=Я)
700 1 _aДьяченко
_bВ. И.
_gВладимир Иванович
_4070
801 0 _aRU
_bNLR
_c20061002
_grcr
801 1 _aRU
_bNLR
_c20061002
830 _aавт. по кн.
942 _cBOOK
980 _aNB